000 01300nam a2200289 i 4500
001 bg
245 0 0 _aRozwój techniki samochodowej a ubezpieczenia komunikacyjne :
_bI konferencja naukowo-techniczna, Radom 17 czerwca 2003 roku /
_cWyższa Szkoła Biznesu im. bp. Jana Chrapka, Stowarzyszenie Rzeczoznawców Techniki Samochodowej i Ruchu Drogowego, Info-Ekspert.
260 _aRadom :
_bWSB,
_c2003.
300 _a416 s. :
_bil., mapy ;
_c24 cm.
500 _aStreszcz. ang. przy ref.
504 _aBibliogr. przy ref.
650 9 _aKomunikacja drogowa
_xubezpieczenia
_zPolska
_yod 1989 r.
650 9 _aSamochody
_xbezpieczeństwo
_zPolska
_yod 1989 r.
650 9 _aSamochody
_xbudowa i konstrukcje
_zPolska
_yod 1989 r.
650 9 _aWypadki drogowe
_zPolska
_yod 1989 r.
655 _aMateriały konferencyjne
710 0 _aWyższa Szkoła Biznesu im. Biskupa Jana Chrapka (Radom)
710 0 _aStowarzyszenie Rzeczoznawców Techniki Samochodowej i Ruchu Drogowego
020 _a8391612643
040 _cBPK
041 0 _apol
_beng
080 _a656.1.08:368.2:629.33.02](438)"1989/..."(061)
920 _a83-916126-4-3
942 _cKS
008 s pl f |000 0 pol
999 _c46205
_d46205
856 _uhttp://koha.tu.koszalin.pl/cgi-bin/koha/opac-detail.pl?biblionumber=46205
_yKatalog online BPK